Music Quiz

Random Music Quiz

Eurovision winner match Quiz Stats

 Plays Quiz not verified by Sporcle

Support Sporcle.
Go Orange.
Score 0/68 Timer 20:00
0 Plays Today
% Correct
Alexander Rybak
95.3%
Conchita Wurst
94.6%
Duncan Laurence
94.6%
Loreen
94%
Emmelie de Forest
93.3%
Måns Zelmerlöw
93.3%
Jamala
92.6%
Salvador Sobral
92.6%
Netta Barzilai
92.6%
Lena Meyer-Landrut
91.3%
Ell & Nikki
90.6%
Lordi
89.9%
Måneskin
87.5%
Elena Paparizou
81.9%
ABBA
81.2%
Marija Šerifović
79.2%
Dima Bilan
78.5%
Dana International
77.9%
Ruslana
77.2%
Olsen Brothers
72.5%
Katrina & The Waves
70.5%
Sertab Erener
69.8%
Tanel Padar, Dave Benton & 2XL
65.1%
Charlotte Nilsson
64.4%
Lys Assia
63.8%
Céline Dion
63.8%
Secret Garden
61.7%
Marie N
60.4%
Johnny Logan
54.4%
Eimear Quinn
53%
Carola Häggkvist
52.3%
Paul Harrington & Charlie McGettigan
50.3%
Toto Cutugno
49.7%
Johnny Logan
49%
% Correct
Sandra Kim
48.3%
Riva
46.3%
Linda Martin
45.6%
Teach-In
44.3%
Niamh Kavanagh
44.3%
Brotherhood of Man
43.6%
Nicole
43.6%
Bobbysocks
43%
Bucks Fizz
40.9%
Lulu
40.3%
Massiel
38.9%
Izhar Cohen & The Alphabeta
38.9%
Gali Atari & Milk and Honey
38.9%
Dana
38.3%
Corry Brokken
36.2%
Sandie Shaw
36.2%
France Gall
35.6%
Salomé
35.6%
Herreys
34.9%
Gigliola Cinquetti
34.2%
Lenny Kuhr
33.6%
Anne-Marie David
32.2%
Udo Jürgens
31.5%
Grethe & Jørgen Ingmann
30.9%
Teddy Scholten
29.5%
Vicky Leandros
28.2%
Corinne Hermès
28.2%
Séverine
26.8%
Marie Myriam
26.8%
Frida Boccara
23.5%
André Claveau
22.8%
Jacqueline Boyer
22.8%
Jean-Claude Pascal
20.8%
Isabelle Aubret
20.1%

You're not logged in!

Compare scores with friends on all Sporcle quizzes.
OR
Log In
Forgot?

From the Vault

One-Handed Speed-Typing

by skuban

The first Sporcle quiz optimized for multitasking.
Remove Ads.
Support Sporcle.
Get the best of Sporcle when you Go Orange. This ad-free experience offers more features, more stats, and more fun while also helping to support Sporcle. Thank you for becoming a member.

Show Comments

Extras

Top Quizzes Today


Score Distribution

Your Account Isn't Verified!

In order to create a playlist on Sporcle, you need to verify the email address you used during registration. Go to your Sporcle Settings to finish the process.

Report this User

Report this user for behavior that violates our Community Guidelines.

Details: